00525nam a2200133 a 450000500170000000800410001704000120005804100080007010000270007824502130010526000390031830000100035770000240036720160528020002.0140123b2003 ck ||||| |||| 00| 0 spa d cCO-BoIH aspa aQuiceno, María Paula aPropuesta de un sistema de criterios e indicadores de evaluación a la sostenibilidad de la cría en ciclo cerrado de babilla (Caiman crocodilus fuscus (COPE, 1868) en Colombiabinforme final de resultados aBogotábInstituto Humboldtc2003 a93 p. aGómez S., Rosario